| 000 | 00732cam a22002411 4500 | ||
|---|---|---|---|
| 001 | l 48000025 | ||
| 003 | DLC | ||
| 005 | 20260227111540.0 | ||
| 008 | 810326s1948 dcu f000 0 eng c | ||
| 010 | _al 48000025 | ||
| 035 | _a(OCoLC)7267070 | ||
| 040 |
_aU.S. Dept. of Labor. Library _cViBlbV _dViBlbV _dDLC |
||
| 042 | _apremarc | ||
| 050 | 0 | 0 |
_aHD6093 _b.A35 no. 219 |
| 082 | _a331.42 | ||
| 100 | 1 | _aPidgeon, Mary Elizabeth. | |
| 245 | 1 | 0 | _aEarnings of women in selected manufacturing industries, 1946. |
| 260 |
_a[Washington, _c1948] |
||
| 300 |
_aii, 14 p. _c24 cm. |
||
| 410 | 1 | 0 |
_aUnited States. _bWomen's Bureau. _tBulletin _vno. 219 |
| 650 | 0 |
_aWages _zUnited States. |
|
| 650 | 0 |
_aWomen _xEmployment _zUnited States. |
|
| 999 |
_c36599 _d36599 |
||